MARC details
| 000 -CABECERA |
| campo de control de longitud fija |
01028cam a2200277 a 4500 |
| 001 - NÚMERO DE CONTROL |
| campo de control |
000011400 |
| 005 - FECHA Y HORA DE LA ÚLTIMA TRANSACCIÓN |
| campo de control |
20260305073955.0 |
| 008 - DATOS DE LONGITUD FIJA--INFORMACIÓN GENERAL |
| campo de control de longitud fija |
761220s1976 ve a 000 0cspa d |
| 010 ## - NÚMERO DE CONTROL DE LA BIBLIOTECA DEL CONGRESO |
| Número de control de LC |
76487842 |
| 035 ## - NÚMERO DE CONTROL DEL SISTEMA |
| Número de control de sistema |
(DLC) 76487842 |
| 040 ## - FUENTE DE LA CATALOGACIÓN |
| Centro catalogador/agencia de origen |
DO-SdBNP |
| Lengua de catalogación |
spa |
| Centro/agencia transcriptor |
DLC |
| Centro/agencia modificador |
DLC |
| -- |
BNPHU |
| 043 ## - CÓDIGO DE ÁREA GEOGRÁFICA |
| Código de área geográfica |
s-ve--- |
| 082 ## - NÚMERO DE LA CLASIFICACIÓN DECIMAL DEWEY |
| Número de clasificación |
987 |
| Número de documento/Ítem |
S161t |
| 049 ## - FONDOS LOCALES (OCLC) |
| Fondos de biblioteca |
BNGR |
| 100 1# - ENTRADA PRINCIPAL--NOMBRE DE PERSONA |
| Nombre de persona |
Salcedo-Bastardo, J. L. |
| Forma completa/desarrollada del nombre |
(José Luis), |
| Fechas asociadas al nombre |
1926- |
| 9 (RLIN) |
27022 |
| 245 10 - MENCIÓN DE TÍTULO |
| Título |
Textos para la verdad / |
| Mención de responsabilidad, etc. |
J. L. Salcedo-Bastardo. |
| 260 ## - PUBLICACIÓN, DISTRIBUCIÓN, ETC. |
| Lugar de publicación, distribución, etc. |
Caracas : |
| Nombre del editor, distribuidor, etc. |
Ministerio de Educación, |
| Fecha de publicación, distribución, etc. |
1976. |
| 300 ## - DESCRIPCIÓN FÍSICA |
| Extensión |
67 p. : |
| Otras características físicas |
il. ; |
| Dimensiones |
19 cm. |
| 505 0# - NOTA DE CONTENIDO CON FORMATO |
| Nota de contenido con formato |
Reconciliación histórica para la unidad. -- De la historia y los deberes. |
| 651 #4 - PUNTO DE ACCESO ADICIONAL DE MATERIA--NOMBRE GEOGRÁFICO |
| Nombre geográfico |
Venezuela |
| Subdivisión general |
Historia |
| 9 (RLIN) |
3660 |
| 600 10 - PUNTO DE ACCESO ADICIONAL DE MATERIA--NOMBRE DE PERSONA |
| Nombre de persona |
Bolívar, Simón, |
| Fechas asociadas al nombre |
1783-1830 |
| 9 (RLIN) |
253 |
| 600 14 - PUNTO DE ACCESO ADICIONAL DE MATERIA--NOMBRE DE PERSONA |
| Nombre de persona |
SAN MARTÍN, JOSÉ DE, |
| Fechas asociadas al nombre |
1778-1850. |
| 9 (RLIN) |
7595 |
| 650 #4 - PUNTO DE ACCESO ADICIONAL DE MATERIA--TÉRMINO DE MATERIA |
| Término de materia o nombre geográfico como elemento de entrada |
Jefes de estado |
| Subdivisión geográfica |
América Del Sur |
| Subdivisión general |
Biografía |
| 9 (RLIN) |
18374 |
| 700 1# - PUNTO DE ACCESO ADICIONAL--NOMBRE DE PERSONA |
| Nombre de persona |
Salcedo-Bastardo, J. L. |
| Forma completa/desarrollada del nombre |
(José Luis), |
| Fechas asociadas al nombre |
1926- |
| Título de la obra |
De la historia y los deberes. 1976. |
| 9 (RLIN) |
27023 |
| 910 ## - DATOS DE OPCIÓN DEL USUARIO (OCLC) |
| Datos de opción del usuario |
Catalogación por copia / LC |